000 00554ntaaa2200205 4500
003 01
005 20251027202553.0
008 0714s1973 ag 01
040 _aAR-BaBN
_bspa
_cAR-BaBN
_eaacr
_dRIC
082 _a301.4270 B65
100 _aBossard, James H.S.
_924796
245 _aThe sociology of child development
250 _a1 ed.
260 _aNew York :
_bHarper and Row,
_cc1948, 1966
300 _ax, 566 p
500 _aLa sociología del desarrollo del niño
650 _aniñez
700 _aBoll, Eleanor Stoker
_924797
942 _cBK
999 _c20795
_d20795